Представление документа в формате RUSMARC

ПолеНазваниеЗначение
  Тип записи a
  Библиографический уровень m
001 Контрольный номер RU/УОНБ/EK/516883400
005 Дата корректировки 20250520122751.9
010 Индекс ISBN __
d Цена 11 к.
9 Тираж 58570 экз.
100 Данные общей обработки __
a Данные общей обработки 20160518d1985 u y0rusy0189||||ca
101 Язык документа 0_
a Язык текста rus
102 Страна публикации __
a Страна публикации RU
105 Кодированные данные (монография) __
a Кодированные данные (монография) y z 001yy
200 Заглавие и сведения об ответственности 1_
a Заглавие Система машин в земледелии
f Первые сведения об ответственности Г.Е. Листопад, Е.И. Базаров
210 Выходные данные 1_
a Место издания Москва
c Издательство Знание
d Дата издания 1985
215 Физическое описание __
a Объем 64 с.
d Формат 20 см
225 Серия 1_
a Серия Новое в жизни, науке, технике
225 Серия 1_
a Серия Сельское хозяйство
v Обозначение тома 6
320 Библиография __
a Библиография Библиогр. в конце текста
606 Тематические рубрики 0_
a Основная рубрика Растениеводство
x Основная подрубрика Механизация комплексная
610 Ключевые слова 0_
a Ключевые слова растениеводство
686 Индексы других классификаций __
a Классификационный индекс 40.711
2 Код системы rubbk
700 Автор _1
a Фамилия Листопад
b Имя (инициалы) Г.Е.
g Полное личное имя Георгий Ефремович
701 Альтернативная интеллектуальная ответственность _1
a Фамилия Базаров
b Имя (инициалы) Е.И.
801 Источник записи _0
a Страна RU
b Организация Ульяновская ОНБ
c Дата составления 20160518
g Правила каталогизации RCR
801 Источник записи _1
a Страна RU
b Организация Ульяновская ОНБ
c Дата составления 20160518
g Правила каталогизации RCR
901 Тип документа __
t Тип документа m
909 Создатель записи __
a Создатель записи Мендеева
938 Служебная информация __
a Имя БД retro
b Имя библиотеки УОНБ
c Имя АИБС МАРК-SQL
d Номер DOC_ID в БД 177048